Introducción a la química de los polímeros /

Guardado en:
Autor Principal: Seymour, Raymond B.
Otros Autores: Carraher, Charles E., Areal Guerra, Rogelio, (Traductor, tr.)
Formato: Libro
Idioma:Spanish
English
Publicado: Barcelona ; Buenos Aires : Reverté, 1998.
Materias:
Etiquetas: Agregar Etiqueta
Sin Etiquetas, Sea el primero en etiquetar este registro!
LEADER 00926nam a22002295a 4500
001 EIQ.libpla003654
008 080225s1998####ag#a#####b####001#0#spa#d
005 20160427090854.0
245 1 0 |a Introducción a la química de los polímeros /  |c Raymond B. Seymour, Charles E. Carraher, Jr. ; versión española por Rogelio Areal Guerra. 
260 |a Barcelona ;  |a Buenos Aires :  |b Reverté,  |c 1998. 
300 |a XXX, 706 p. :  |b il. ;  |c 24 cm. 
500 |a Título de la obra original: Polymer chemistry, an introduction, 3rd ed. 
504 |a Incluye referencias bibliográficas e índice. 
020 |a 8429179267 
100 1 |a Seymour, Raymond B. 
700 1 |a Carraher, Charles E. 
700 1 |a Areal Guerra, Rogelio,  |e tr.  |4 trl 
650 4 |a Polímeros  |x Química de polímeros. 
650 4 |a Polymers  |x Polymer chemistry. 
040 |a AR-BbSID  |b spa  |c AR-BbSID 
041 1 |a spa  |h eng 
859 |a AR-BbSID  |b BIB. PLAPIQUI  |h 541.225  |i Se 95  |p 5048